000 00644nam a2200181 a 4500
008 120416s2001 ||||||||||||||||| || u
020 _a0419260501
050 _aTD 434 Wag
100 _aWagner, Edmund G
245 1 0 _aUpgrading water treatment plants
260 _aLondon
_bSpon Press
_c2001
300 _ax, 227p. : ill.
350 _a0.00
650 _aWATER TREATMENT PLANTS--DESIGN AND CONSTRUCTION
650 _aWATER TREATMENT PLANTS--UPGRADING
700 _aPinheiro, R. G
995 _D0.00
_FCBU-MAIN LIBRARY (Kitwe)
_H1
_I19.99
_M1
_UAVAILABLE
_ZMain Library Open Access Collection
999 _c60968
_d60968